Pehle 52 saptah (Record no. 276505)
[ view plain ]
| 000 -LEADER | |
|---|---|
| fixed length control field | 00375nam a2200157Ia 4500 |
| 008 - FIXED-LENGTH DATA ELEMENTS--GENERAL INFORMATION | |
| fixed length control field | 240126s9999 xx 000 0 und d |
| 041 ## - LANGUAGE CODE | |
| Language code of text/sound track or separate title | English |
| 082 ## - DEWEY DECIMAL CLASSIFICATION NUMBER | |
| Classification number | 372.89 TIW;1 R |
| 100 ## - MAIN ENTRY--PERSONAL NAME | |
| Personal name | Tiwari, Nanda Kishore. |
| 245 #0 - TITLE STATEMENT | |
| Title | Pehle 52 saptah |
| 260 ## - PUBLICATION, DISTRIBUTION, ETC. | |
| Name of publisher, distributor, etc. | Laxmi Mudranalaya |
| Place of publication, distribution, etc. | Bangalore |
| 300 ## - PHYSICAL DESCRIPTION | |
| Extent | 178 |
| 440 ## - SERIES STATEMENT/ADDED ENTRY--TITLE | |
| Title | NULL |
| 650 ## - SUBJECT ADDED ENTRY--TOPICAL TERM | |
| Topical term or geographic name entry element | Pehle,52,saptah |
| 942 ## - ADDED ENTRY ELEMENTS (KOHA) | |
| Koha item type | PESU Books |
| Date last seen | Total checkouts | Full call number | Accession number | Volume/Issue Number | Cost, total (INR) price | Price effective from | Category | Lost status | Damaged status | Department | Withdrawn status | Home library | Current library | Shelving location | Entry date | Vendor | Cost, normal purchase price | Grants | Billnumber | Currency symbol | Conversion rate | Discount | Old discount |
|---|---|---|---|---|---|---|---|---|---|---|---|---|---|---|---|---|---|---|---|---|---|---|---|
| 26/01/2024 | 372.89 TIW;1 R | PU4071 | (07/07/1905) | 248.17 | 26/01/2024 | PESU Books | Central Library | Central Library | Central Library | Central Library | 06/10/2015 | Prashanth Noyanaka | 299.00 | GEN | K091 | RS | 1 | 50.83 | 17 |
